|
|
|
|
| LEADER |
00000nam0a2200000 4500 |
| 001 |
248454 |
| 005 |
20231101232405.0 |
| 035 |
|
|
|a (RuTPU)RU\TPU\book\270258
|
| 090 |
|
|
|a 248454
|
| 100 |
|
|
|a 20140123d2013 k y0rusy50 ca
|
| 101 |
0 |
|
|a rus
|
| 102 |
|
|
|a RU
|
| 105 |
|
|
|a a dm 001zy
|
| 200 |
1 |
|
|a Фазовые диаграммы и критические индексы одномерного изинговского магнетика
|e автореферат диссертации на соискание ученой степени кандидата физко-математических наук
|e Спец. 01.04.07
|f Е. В. Шабунина
|g Хакасский государственный университет им. Н. Ф. Катанова (ХГУ), Кафедра теоретической физики и информационных технологий ; Национальный исследовательский Томский государственный университет (ТГУ), Сибирский физико-технический институт им. В. Д. Кузнецова (СФТИ), Отделение фотоники, Лаборатория новых материалов и перспективных технологий ; науч. рук. В. Н. Удодов , А. И. Потекаев
|
| 210 |
|
|
|a Томск
|d 2013
|
| 215 |
|
|
|a 21 с.
|c ил.
|
| 300 |
|
|
|a Защита сост. 26.12.2013г.
|
| 320 |
|
|
|a Библиогр.: с. 19-21 (20 назв.).
|
| 606 |
1 |
|
|a Магнетики
|x Физика
|2 stltpush
|3 (RuTPU)RU\TPU\subj\66506
|9 82606
|
| 610 |
1 |
|
|a физика
|
| 610 |
1 |
|
|a магнетизм
|
| 610 |
1 |
|
|a фазовые диаграммы
|
| 610 |
1 |
|
|a модель Изинга
|
| 610 |
1 |
|
|a критические индексы
|
| 610 |
1 |
|
|a антиферромагнетики
|
| 610 |
1 |
|
|a компьютерное моделирование
|
| 610 |
1 |
|
|a магнитные поля
|
| 610 |
1 |
|
|a низкие температуры
|
| 610 |
1 |
|
|a изинговские магнетики
|
| 610 |
1 |
|
|a авторефераты диссертаций
|
| 675 |
|
|
|a 537.622(04)
|v 3
|
| 686 |
|
|
|a 01.04.07
|2 oksvnk
|
| 700 |
|
1 |
|a Шабунина
|b Е. В.
|g Евгения Валерьевна
|
| 702 |
|
1 |
|a Удодов
|b В. Н.
|g Владимир Николаевич
|4 727
|
| 702 |
|
1 |
|a Потекаев
|b А. И.
|g Александр Иванович
|4 727
|
| 712 |
0 |
2 |
|a Хакасский государственный университет им. Н. Ф. Катанова (ХГУ)
|b Кафедра теоретической физики и информационных технологий
|2 stltpush
|3 (RuTPU)RU\TPU\col\1643
|
| 712 |
0 |
2 |
|a Национальный исследовательский Томский государственный университет (ТГУ)
|b Сибирский физико-технический институт им. В. Д. Кузнецова (СФТИ)
|b Отделение фотоники
|b Лаборатория новых материалов и перспективных технологий
|2 stltpush
|3 (RuTPU)RU\TPU\col\19072
|
| 801 |
|
1 |
|a RU
|b 63413507
|c 20140123
|
| 801 |
|
2 |
|a RU
|b 63413507
|c 20140203
|g RCR
|
| 942 |
|
|
|c BK
|